[Event "Brasilia Inconfidencia Cup"]
[Site "Brasilia"]
[Date "2015.04.18"]
[Round "3"]
[White "Silva, Amanda Ketley Doura"]
[Black "Moraes Silva, Carlos Alessandro"]
[Result "0-1"]
[WhiteElo "1644"]
[BlackElo "1793"]
[PlyCount "82"]
[EventDate "2015.04.17"]
[EventType "swiss"]
[EventRounds "6"]
[EventCountry "BRA"]
[SourceTitle "CBM 166 Extra"]
[Source "ChessBase"]
[SourceDate "2015.06.18"]
[SourceVersion "1"]
[SourceVersionDate "2015.06.18"]
[SourceQuality "1"]

1. e4 Nc6 2. Nf3 e5 3. Bb5 d6 4. 0-0 Nf6 5. d3 h6 6. Re1 Be7 7. Nbd2 0-0 8. Nf1 Bg4 9. Ng3 Bxf3 10. Qxf3 Nd4 11. Qd1 Nxb5 12. c3 c6 13. Qf3 Nh7 14. Nf5 Bg5 15. Qg3 Qf6 16. Rf1 Bxc1 17. Raxc1 Kh8 18. f4 exf4 19. Rxf4 Qg6 20. Rg4 Qf6 21. Nxg7 Rg8 22. Rf1 Qe7 23. Nf5 Rxg4 24. Qxg4 Qg5 25. Qh3 h5 26. Ne3 Rf8 27. Rf5 Qg6 28. Rxh5 Nc7 29. Nf5 f6 30. Rh6 Qf7 31. Qh4 Ne6 32. Rxf6 Qxf6 33. Qf2 Ng7 34. g4 Nxf5 35. exf5 Ng5 36. Qxa7 Qe7 37. Kf2 Re8 38. Kg3 c5 39. Qa4 Qe3+ 40. Kh4 Rg8 41. Qe8 Qh3# 0-1

[Event "BRA-chT U26 (Women)"]
[Site "Foz do Iguacu"]
[Date "2012.10.21"]
[Round "7"]
[White "Marinho, Cinthya de Souza"]
[Black "Silva, Amanda Ketley Doura"]
[Result "1-0"]
[WhiteElo "1586"]
[BlackElo "1790"]
[PlyCount "50"]
[EventDate "2012.10.18"]
[EventType "team-swiss"]
[EventRounds "7"]
[EventCountry "BRA"]
[SourceTitle "EXT 2014"]
[Source "ChessBase"]
[SourceDate "2013.11.20"]
[SourceVersion "1"]
[SourceVersionDate "2013.11.20"]
[SourceQuality "1"]

1. d4 Nf6 2. c4 e6 3. Nf3 d5 4. Bg5 c5 5. Nc3 Be7 6. dxc5 Nc6 7. e3 Ne4 8. Bxe7 Nxe7 9. Nxe4 dxe4 10. Qxd8+ Kxd8 11. Rd1+ Kc7 12. Nd2 f5 13. Nb3 Rd8 14. Rxd8 Kxd8 15. Be2 b6 16. Kd2 Ke8 17. Kc2 Bb7 18. g3 g5 19. Bh5+ Kf8 20. Nd4 e5 21. Nb5 bxc5 22. Be2 f4 23. Rd1 f3 24. Bf1 g4 25. Na3 a6 1-0

[Event "BRA-chT U26 (Women)"]
[Site "Foz do Iguacu"]
[Date "2012.10.19"]
[Round "3"]
[White "Barreto, Nuara Hayra Fernand"]
[Black "Silva, Amanda Ketley Doura"]
[Result "0-1"]
[WhiteElo "1867"]
[BlackElo "1790"]
[PlyCount "62"]
[EventDate "2012.10.18"]
[EventType "team-swiss"]
[EventRounds "7"]
[EventCountry "BRA"]
[SourceTitle "EXT 2014"]
[Source "ChessBase"]
[SourceDate "2013.11.20"]
[SourceVersion "1"]
[SourceVersionDate "2013.11.20"]
[SourceQuality "1"]

1. d4 Nf6 2. c4 e6 3. Nc3 d5 4. Bg5 Be7 5. e3 0-0 6. Nf3 c5 7. dxc5 Ne4 8. Nxe4 dxe4 9. Bxe7 Qxe7 10. Nd2 f5 11. b4 Nc6 12. Rb1 Rd8 13. Qc2 a5 14. b5 Nb4 15. Qb3 Qxc5 16. Be2 b6 17. 0-0 Rxd2 18. Rb2 Rxb2 19. Qxb2 Nd3 20. Bxd3 exd3 21. Qc3 Bb7 22. Qxd3 Rc8 23. Qd7 Be4 24. Qxe6+ Kh8 25. Rd1 h6 26. h3 Qxc4 27. Qxb6 Qxa2 28. Rd7 Rc1+ 29. Kh2 Qxf2 30. Qg6 Qg1+ 31. Kg3 Qxg2+ 0-1